00490nam a2200193 a 450000100060000000300090000600800410001502000150005604000280007108200190009910000220011824500420014025000060018226000250018830000110021349000360022450000170026065000190027710878CO-ViMGA141112s2004 ck r 000 u spa d a9684322801 aCO-ViMGAbspacCO-ViMGA04aCh 861.5 M47t31 aMistral, Gabriela10aDesolación - Ternura - Tala - Lagar a5 aEd. Porrúa, cS.A. a251 p. aColección "Sepan Cuantos ..." aFecha : 199214aPOESIA CHILENA